| 000 | 01140nam a22003377a 4500 | ||
|---|---|---|---|
| 003 | CHAP | ||
| 005 | 20220817042037.0 | ||
| 008 | 971013s1973 r 00010 d | ||
| 010 | _a32854 | ||
| 011 | _a33826 | ||
| 035 | _a37942 | ||
| 040 | _cCHAP | ||
| 082 |
_a972 _bL66 |
||
| 100 | 0 | 0 |
_aLópez Reyes, Amalia. _968264 |
| 245 | _aHistoria de México de la época prehispánica hasta Juárez | ||
| 260 |
_aMéxico : _bCECSA, _c1973 |
||
| 300 |
_a313 p. _b: ilus. |
||
| 590 |
_aBATCH-UPD _b10 _c20130109 _lUCH01 _h2359 |
||
| 590 |
_aBATCH-UPD _b10 _c20130110 _lUCH01 _h1849 |
||
| 590 |
_aBATCH-UPD _b10 _c20130409 _lUCH01 _h1933 |
||
| 590 |
_aBATCH-UPD _b10 _c20130410 _lUCH01 _h1219 |
||
| 590 |
_aBATCH-UPD _b10 _c20130914 _lUCH01 _h1733 |
||
| 590 |
_aCONVERSION _b10 _c20130109 _lUCH01 _h1318 |
||
| 650 | 1 | 4 |
_aMéxico _xHistoria. |
| 700 | 0 |
_aLozano Fuentes, José Manuel. _968758 |
|
| 901 | _aBK | ||
| 942 | _cLIBRO | ||
| 949 |
_a972 L66 _bBC _cLIBRO _d-86923 _eLIBRO _h50691 _i37942 _si _t60.00 |
||
| 949 |
_a972 L66 _bBC _cLIBRO _d-86924 _eLIBRO _fc.2 _h50692 _i37942 _si _t60.00 |
||
| 949 |
_a972 L66 _bBC _cLIBRO _d-86925 _eLIBRO _fc.3 _h50693 _i37942 _si _t60.00 |
||
| 999 |
_c32854 _d32854 |
||